LEADER 01481cam0-2200505---450- 001 990000085000203316 005 19991104 010 $a88-371-0461-8 035 $a0008500 035 $aUSA010008500 035 $a(ALEPH)000008500USA01 035 $a0008500 100 $a19991104d1989----|||y0itay0103----ba 101 0 $aita 102 $aIT 105 $aa||||||001yy 200 $aFarmacologia e tossicologia sperimentale$fP. Dolara, F. Franconi, A.Mugelli 210 $aBologna$cPitagora$d1989 215 $a441 p.$cill.$d27 cm 606 0 $aFarmacologia 606 0 $aTossicologia 676 $a615.1 700 1$aDOLARA,$bPiero$091733 701 1$aFRANCONI,$bFlavia$0284373 701 1$aMUGELLI,$bAlessandro$0366613 801 $aIT$bSALBC$gISBD 912 $a990000085000203316 951 $a615.1 DOL$b2343 Farm.$c615.1$d00004737 959 $aBK 969 $aFAR 979 $c20000914$lUSA01$h1739 979 $c20001019$lUSA01$h1056 979 $c20001019$lUSA01$h1454 979 $c20001019$lUSA01$h1501 979 $c20001019$lUSA01$h1539 979 $c20001024$lUSA01$h1515 979 $c20001027$lUSA01$h1519 979 $c20001027$lUSA01$h1523 979 $c20001110$lUSA01$h1710 979 $c20001124$lUSA01$h1208 979 $aPATTY$b90$c20010716$lUSA01$h1729 979 $c20020403$lUSA01$h1616 979 $aPATRY$b90$c20040406$lUSA01$h1607 996 $aFarmacologia e tossicologia sperimentale$9397030 997 $aUNISA